Science Quiz

Random Science or Physics Quiz

Science Words in Book Titles Quiz Stats

Quiz Updated Oct 22, 2017

Challenge
Share
Tweet
Embed
Score 0/30 Timer 07:00
0 Plays Today
% Correct
Code
97%
Earth
96.7%
Pi
95.8%
Space
95.8%
Doctor
95.7%
Galaxy
95.7%
Jurassic
95.5%
Time
93.9%
Fahrenheit
93.5%
Bone
91.7%
Skeleton
90.7%
Patient
90.3%
Anatomy
87.6%
Moon
87.2%
Pendulum
86%
% Correct
Screw
85.5%
Constant
79.5%
Machine
79.4%
Cell
78.1%
Solution
77.7%
Matter
77.6%
Number
76.3%
Infinite
74.3%
Electric
74.1%
Invention
69.9%
Volcano
67.9%
Angle
65.3%
Mole
63.3%
Prime
60.7%
Factor
48.9%

You're not logged in!

Compare scores with friends on all Sporcle quizzes.
Sign Up with Email
OR
Log In

You Might Also Like...

Show Comments

Extras

Top Quizzes Today


Score Distribution

Your Account Isn't Verified!

In order to create a playlist on Sporcle, you need to verify the email address you used during registration. Go to your Sporcle Settings to finish the process.